Armageddon, oil, and the Middle East crisis : (Record no. 6450)
[ view plain ]
| 000 -LEADER | |
|---|---|
| fixed length control field | 00732pam a2200205 a 4500 |
| 001 - CONTROL NUMBER | |
| control field | 3414732 |
| 005 - DATE AND TIME OF LATEST TRANSACTION | |
| control field | 20250613115112.0 |
| 008 - FIXED-LENGTH DATA ELEMENTS--GENERAL INFORMATION | |
| fixed length control field | 900928s1990 miua 000 0 eng |
| 020 ## - INTERNATIONAL STANDARD BOOK NUMBER | |
| International Standard Book Number | 0310539218 |
| 050 00 - LIBRARY OF CONGRESS CALL NUMBER | |
| Classification number | BS649.N45 |
| Item number | W34 1990 |
| 082 00 - DEWEY DECIMAL CLASSIFICATION NUMBER | |
| Classification number | 236/.9 |
| Edition information | 20 |
| 100 1# - MAIN ENTRY--PERSONAL NAME | |
| Personal name | Walvoord, John F. |
| 245 10 - TITLE STATEMENT | |
| Title | Armageddon, oil, and the Middle East crisis : |
| Remainder of title | what the Bible says about the future of the Middle East and the end of Western civilization / |
| Statement of responsibility, etc. | John F. Walvoord. |
| 250 ## - EDITION STATEMENT | |
| Edition statement | Rev. |
| 260 ## - PUBLICATION, DISTRIBUTION, ETC. | |
| Place of publication, distribution, etc. | Grand Rapids, Mich. : |
| Name of publisher, distributor, etc. | Zondervan Pub. House, |
| Date of publication, distribution, etc. | c1990. |
| 300 ## - PHYSICAL DESCRIPTION | |
| Extent | 234 p. : |
| Other physical details | ill. ; |
| Dimensions | 21 cm. |
| 650 #0 - SUBJECT ADDED ENTRY--TOPICAL TERM | |
| Topical term or geographic name entry element | End of the world |
| General subdivision | Biblical teaching. |
| 650 #0 - SUBJECT ADDED ENTRY--TOPICAL TERM | |
| Topical term or geographic name entry element | Petroleum industry and trade |
| General subdivision | Biblical teaching. |
| 942 ## - ADDED ENTRY ELEMENTS (KOHA) | |
| Source of classification or shelving scheme | Library of Congress Classification |
| Koha item type | Books |
| Suppress in OPAC | No |
| 999 ## - | |
| -- | 6450 |
| -- | 6450 |
| Withdrawn status | Lost status | Source of classification or shelving scheme | Damaged status | Not for loan | Collection | Home library | Current library | Shelving location | Date acquired | Total checkouts | Full call number | Barcode | Date last seen | Copy number | Price effective from | Koha item type |
|---|---|---|---|---|---|---|---|---|---|---|---|---|---|---|---|---|
| Library of Congress Classification | Non-fiction | Undergraduate Library (Christ Temple) | Undergraduate Library (Christ Temple) | General stacks | 06/13/2025 | BS649.N45 WAL | ulct00003251 | 06/13/2025 | 1 | 06/02/2025 | Books |